Villes et embouchures de fleuves - Statistiques

Statistiques générales
  • Ce quiz a été pris 320 fois
  • Le résultat moyen est 7 sur 15
Statistiques - réponses
Ville Fleuve % Correct
Le Havre Seine
99%
Saint-Nazaire Loire
92%
La Nouvelle-Orléans Mississippi
80%
Southend-on-Sea Tamise
60%
Royan Garonne
58%
Lisbonne Tage
56%
Nice Var
50%
Shanghai Yangtsé
42%
Porto Douro
40%
Gdansk Vistule
38%
Anvers Escaut
33%
Saint-Pétersbourg Neva
26%
Liverpool Mersey
25%
Banjul Gambie
22%
Shenzhen Rivière des Perles
11%
Aucun quiz correspondant
Distribution des résultats
% des personnes avec chaque résultat
Percentile par nombre de réponses
Votre historique - résultats
Vous n’avez pas pris ce quiz